Karrierestationen von Fußballern - Statistiken

Allgemein
  • Dieses Quiz wurde 120 mal gespielt
  • Das Durchschnittsergebnis liegt bei 13 aus 15
Antwortstatistiken
Hint Antwort % Korrekt
  1. FC Bayern München, 2. Manchester United, 3. Chicago Fire
Bastian Schweinsteiger
95%
  1. Tottenham Hotspur, 2. Leyton Orient, 3. Tottenham Hotspur, 4. FC Millwall, 5. Tottenham Hotspur, 6. Norwich City, 7. Tottenham Hotspur, 8. Leicester City, 9. Tottenham Hotspur, 10. Bayern München
Harry Kane
93%
  1. FC Schalke 04, 2. SV Werder Bremen, 3. Real Madrid, 4. FC Arsenal, 5. Fenerbahçe Istanbul, 5. Istanbul Başakşehir FK
Mesut Özil
93%
  1. VfB Stuttgart, 2. FC Bayern München, 3. AC Florenz, 4. Beşiktaş Istanbul, 5. VfL Wolfsburg, 6. VfB Stuttgart.
Mario Gomez
91%
  1. FC Metz, 2. Red Bull Salzburg, 3. FC Southampton, 4. FC Liverpool, 5. FC Bayern München, 6. Al-Nassr FC
Sadio Mané
91%
  1. Kaiserslautern, 2. Werder Bremen, 3. FC Bayern München, 4. Lazio Rom
Miroslav Klose
89%
  1. Bryne FK, 2. Molde FK, 3. RB Salzburg, 4. Borussia Dortmund, 5. Manchester City
Erling Haaland
88%
  1. Al Mokawloon Al Arab SC, 2. FC Basel, 3. FC Chelsea, 4. AC Florenz, 5. AS Rom, 6. FC Liverpool
Mohamed Salah
84%
  1. Bayern München, 2. 1899 Hoffenheim, 3. Bayern München, 4. Real Madrid
David Alaba
82%
  1. Bayer Leverkusen, 2. FC Arsenal, 3. FC Chelsea
Kai Havertz
81%
  1. TSG 1899 Hoffenheim, 2. FC Bayern München, 3. Borussia Dortmund
Niklas Süle
76%
  1. Hannover 96, 2. Werder Bremen, 3. FC Arsenal
Per Mertesacker
74%
  1. Bayer Leverkusen, 2. Borussia Dortmund
Julian Brandt
73%
  1. Hertha BSC, 2. Hamburger SV, 3. Manchester City, 4. FC Bayern München, 5. Olympique Lyon, 6. US Salernitana, 7. LASK
Jerome Boateng
72%
  1. KRC Genk, 2. FC Chelsea, 3. Atlético Madrid (Leihe), 4. FC Chelsea, 5. Real Madrid
Thibaut Courtois
70%
Keine übereinstimmenden Quizze gefunden
Verteilung der Resultate
Anzahl Personen mit jedem Resultat
Perzentil nach korrekt beantworteten Fragen
Ihre Resultats-Entwicklung
Sie haben dieses Quiz noch nicht gespielt